| 000 | 00672nam a22001817a 4500 | ||
|---|---|---|---|
| 005 | 20251108164310.0 | ||
| 008 | 250721s1996 xx 000 0 ara d | ||
| 082 | 1 | 4 | _a380.144/توف |
| 100 | 1 | _aبن عامر، توفيق | |
| 245 | 1 | 0 |
_aالحضارة الإسلامية و تجارة الرقيق خلال القرنين الثالث و الرابع للهجرة : _bأطروحة دكتوراة دولة / |
| 264 | 1 |
_aتونس : _bكلية العلوم الإنسانية و الإجتماعية، _c1996. |
|
| 300 | _a366ص | ||
| 650 | 1 | 7 | _aالرق |
| 650 | 1 | 7 | _aالإسلام |
| 650 | 1 | 7 | _aالحضارة الإسلامية |
| 942 |
_2ddc _cBK |
||
| 999 |
_c8708 _d8708 |
||